Statistics for Five Westernmost Capital Cities by Continent

Click here to take the quiz!

General Stats

  • This quiz has been taken 299 times
    (267 since last reset)
  • The average score is 22 of 30

Answer Stats

ContinentCountry% Correct
EuropeLondon
95%
EuropeLisbon
93%
EuropeDublin
93%
North AmericaMexico City
92%
EuropeMadrid
90%
EuropeReykjavík
89%
South AmericaSantiago
88%
South AmericaLima
88%
South AmericaBogotá
85%
South AmericaQuito
85%
AsiaJerusalem
85%
AsiaAnkara
84%
OceaniaCanberra
84%
North AmericaGuatemala City
80%
AfricaDakar
80%
AsiaBeirut
79%
North AmericaSan Salvador
77%
South AmericaLa Paz
77%
AsiaAmman
76%
OceaniaPort Moresby
71%
AsiaNicosia
68%
North AmericaTegucigalpa
66%
North AmericaBelmopan
64%
AfricaBissau
60%
AfricaBanjul
56%
AfricaConakry
54%
AfricaNouakchott
52%
OceaniaApia
49%
OceaniaNgerulmud
43%
OceaniaNukuʻalofa
38%

Score Distribution

Percentile by Number Answered

Percent of People with Each Score

Your Score History

You have not taken this quiz since the last reset